[Event "Hradec Kralove op 11th"]
[Site "Hradec Kralove"]
[Date "2021.11.08"]
[Round "3"]
[White "Tsapanidis, Vasilis"]
[Black "Lifshits, Felix"]
[Result "1/2-1/2"]
[WhiteElo "1803"]
[BlackElo "2185"]
[PlyCount "41"]
[EventDate "2021.11.06"]
[EventType "swiss"]
[EventRounds "9"]
[EventCountry "CZE"]
[SourceTitle "CBM 205 Extra"]
[Source "ChessBase"]
[SourceDate "2022.01.31"]
[SourceVersion "1"]
[SourceVersionDate "2022.01.31"]
[SourceQuality "1"]

1. c4 c6 2. d4 d5 3. Nf3 e6 4. e3 Nf6 5. Bd3 Be7 6. 0-0 0-0 7. Qc2 b6 8. b3 c5 9. Bb2 Nc6 10. a3 cxd4 11. Nxd4 Nxd4 12. Bxd4 h6 13. Nd2 Bb7 14. cxd5 Qxd5 15. Nf3 Rac8 16. Qb2 Qh5 17. Be2 Qg6 18. Nh4 Qc2 19. Rfc1 Qxb2 20. Bxb2 Nd7 21. Nf3 1/2-1/2

[Event "Hradec Kralove op 10th"]
[Site "Hradec Kralove"]
[Date "2019.10.29"]
[Round "5"]
[White "Tsapanidis, Vasilis"]
[Black "Stary, Vojtech"]
[Result "1/2-1/2"]
[WhiteElo "1775"]
[BlackElo "1387"]
[PlyCount "62"]
[EventDate "2019.10.26"]
[EventType "swiss"]
[EventRounds "9"]
[EventCountry "CZE"]
[SourceTitle "CBM 193 Extra"]
[Source "ChessBase"]
[SourceDate "2020.01.31"]
[SourceVersion "1"]
[SourceVersionDate "2020.01.31"]
[SourceQuality "1"]

1. c4 c5 2. Nc3 Nc6 3. Nf3 Nf6 4. d4 cxd4 5. Nxd4 g6 6. Nxc6 dxc6 7. Qxd8+ Kxd8 8. e4 e5 9. Be2 Bc5 10. Bg5 Ke7 11. h3 h6 12. Bh4 g5 13. Bg3 Ke6 14. Rd1 Bd4 15. Bd3 Nd7 16. f3 Nc5 17. Be2 f6 18. Bf2 Bxf2+ 19. Kxf2 Bd7 20. Rd2 Rad8 21. Rhd1 Ke7 22. b4 Ne6 23. c5 Nd4 24. Rc1 Be6 25. Bd1 Rd7 26. Be2 Rhd8 27. Rcd1 Ke8 28. Bd3 Nc2 29. Rxc2 Rxd3 30. Rxd3 Rxd3 31. Ne2 Kd7 1/2-1/2

[Event "Hradec Kralove op 8th"]
[Site "Hradec Kralove"]
[Date "2017.10.04"]
[Round "4"]
[White "Tsapanidis, Vasilis"]
[Black "Riha, Vojtech"]
[Result "1/2-1/2"]
[WhiteElo "1826"]
[BlackElo "2108"]
[PlyCount "70"]
[EventDate "2017.10.01"]
[EventType "swiss"]
[EventRounds "9"]
[EventCountry "CZE"]
[SourceTitle "CBM 181 Extra"]
[Source "ChessBase"]
[SourceDate "2017.12.12"]
[SourceVersion "1"]
[SourceVersionDate "2017.12.12"]
[SourceQuality "1"]

1. Nf3 c5 2. c4 g6 3. e4 Bg7 4. d4 cxd4 5. Nxd4 Nf6 6. Nc3 d6 7. Be2 0-0 8. 0-0 Nc6 9. Be3 Bd7 10. Qd2 Rc8 11. Rac1 Re8 12. Rfd1 Ne5 13. b3 Neg4 14. Bg5 b5 15. f3 e5 16. Nc2 Qb6+ 17. Be3 Nxe3 18. Qxe3 Qxe3+ 19. Nxe3 Bh6 20. Kf2 b4 21. Ncd5 Nxd5 22. Rxd5 Be6 23. Rxd6 Bf8 24. Rd3 Bc5 25. Kf1 Red8 26. Rcd1 Rxd3 27. Rxd3 Kg7 28. g4 g5 29. Ng2 a6 30. h4 Kf6 31. h5 Ke7 32. Ne3 f6 33. Ke1 a5 34. Nd5+ Bxd5 35. Rxd5 Rc7 1/2-1/2

[Event "Hradec Kralove op 7th"]
[Site "Hradec Kralove"]
[Date "2016.10.05"]
[Round "6"]
[White "Abdurakhimov, Peter"]
[Black "Tsapanidis, Vasilis"]
[Result "1-0"]
[WhiteElo "1989"]
[BlackElo "1834"]
[PlyCount "77"]
[EventDate "2016.10.01"]
[EventType "swiss"]
[EventRounds "9"]
[EventCountry "CZE"]
[SourceTitle "EXT 2017"]
[Source "ChessBase"]
[SourceDate "2016.10.25"]
[SourceVersion "1"]
[SourceVersionDate "2016.10.25"]
[SourceQuality "1"]

1. e4 g6 2. d4 Bg7 3. Nc3 d6 4. Nf3 Nf6 5. Be2 0-0 6. 0-0 a6 7. Bf4 Nh5 8. Bg5 h6 9. Be3 e5 10. dxe5 dxe5 11. Qxd8 Rxd8 12. Nd5 Rd7 13. g3 b6 14. Nh4 Nf6 15. Nxf6+ Bxf6 16. Bxh6 Bb7 17. Bd3 Nc6 18. Bd2 Bxh4 19. gxh4 Kg7 20. Kg2 Rh8 21. Kg3 f6 22. Bc3 b5 23. a3 Nd4 24. a4 c6 25. f4 Bc8 26. Rf2 Rd6 27. Raf1 c5 28. axb5 axb5 29. fxe5 fxe5 30. Rf7+ Kh6 31. b3 Be6 32. Rc7 c4 33. bxc4 bxc4 34. Bxc4 Bxc4 35. Rxc4 Nxc2 36. Bxe5 Rd3+ 37. Rf3 Ne1 38. Rxd3 Nxd3 39. Bxh8 1-0

[Event "Hradec Kralove op 7th"]
[Site "Hradec Kralove"]
[Date "2016.10.04"]
[Round "4"]
[White "Kuba, Stanislav"]
[Black "Tsapanidis, Vasilis"]
[Result "1/2-1/2"]
[WhiteElo "2123"]
[BlackElo "1834"]
[PlyCount "79"]
[EventDate "2016.10.01"]
[EventType "swiss"]
[EventRounds "9"]
[EventCountry "CZE"]
[SourceTitle "EXT 2017"]
[Source "ChessBase"]
[SourceDate "2016.10.25"]
[SourceVersion "1"]
[SourceVersionDate "2016.10.25"]
[SourceQuality "1"]

1. d4 d5 2. Nf3 Nf6 3. g3 g6 4. Bg2 Bg7 5. 0-0 0-0 6. Nbd2 c6 7. c4 e6 8. b3 Nbd7 9. Qc2 Re8 10. Bb2 Qc7 11. Rac1 Bh6 12. e3 Qd6 13. Rcd1 Qc7 14. e4 dxe4 15. Nxe4 Nxe4 16. Qxe4 Nf6 17. Qh4 Bg7 18. d5 Nd7 19. Bxg7 Kxg7 20. dxe6 fxe6 21. Rfe1 e5 22. Bh3 Nf6 23. Bxc8 Raxc8 24. Qg5 e4 25. Nd4 Re5 26. Qe3 Rce8 27. Ne2 c5 28. Nf4 b6 29. h3 Qc6 30. Qc3 Kf7 31. Rd2 g5 32. Ng2 e3 33. Rde2 exf2+ 34. Rxf2 Rxe1+ 35. Nxe1 Kg6 36. Nf3 Qe6 37. Qc2+ Qe4 38. Qd2 h6 39. Qc3 Re6 40. Nd2 1/2-1/2

[Event "Hradec Kralove op"]
[Site "Hradec Kralove"]
[Date "2015.10.09"]
[Round "7"]
[White "Kapusta, Petr"]
[Black "Tsapanidis, Vasilis"]
[Result "1-0"]
[WhiteElo "2098"]
[BlackElo "1821"]
[PlyCount "29"]
[EventDate "2015.10.04"]
[EventType "swiss"]
[EventRounds "9"]
[EventCountry "CZE"]
[SourceTitle "CBM 168 Extra"]
[Source "ChessBase"]
[SourceDate "2015.10.29"]
[SourceVersion "1"]
[SourceVersionDate "2015.10.29"]
[SourceQuality "1"]

1. e4 c5 2. Nf3 Nc6 3. d4 cxd4 4. Nxd4 Nf6 5. Nc3 g6 6. Nxc6 bxc6 7. e5 Nh5 8. Bc4 Qa5 9. Qd4 e6 10. Be3 Ba6 11. 0-0-0 Rd8 12. Qxa7 Qxe5 13. Bxa6 Bg7 14. Qc5 Qc7 15. Nb5 1-0

[Event "Hradec Kralove op"]
[Site "Hradec Kralove"]
[Date "2015.10.08"]
[Round "6"]
[White "Tsapanidis, Vasilis"]
[Black "Pulpan, Matej"]
[Result "1-0"]
[WhiteElo "1821"]
[BlackElo "1937"]
[PlyCount "49"]
[EventDate "2015.10.04"]
[EventType "swiss"]
[EventRounds "9"]
[EventCountry "CZE"]
[SourceTitle "CBM 168 Extra"]
[Source "ChessBase"]
[SourceDate "2015.10.29"]
[SourceVersion "1"]
[SourceVersionDate "2015.10.29"]
[SourceQuality "1"]

1. c4 Nf6 2. Nc3 d5 3. d4 g6 4. Nf3 Bg7 5. h3 0-0 6. Bf4 c6 7. cxd5 Nxd5 8. Nxd5 cxd5 9. e3 Nc6 10. Qd2 f6 11. Be2 e5 12. dxe5 fxe5 13. Bg5 Qd6 14. Rd1 Be6 15. Bh4 d4 16. b3 Bd5 17. 0-0 Rae8 18. Bg3 Qf6 19. exd4 exd4 20. Rfe1 Qf5 21. Bd3 Be4 22. Nh4 Qh5 23. Rxe4 Bh6 24. Qe2 Qxe2 25. Rxe2 1-0

[Event "CZE-ch Seniors 60"]
[Site "Rychnov nad Kneznou"]
[Date "2015.08.18"]
[Round "4"]
[White "Tsapanidis, Vasilis"]
[Black "Korinek, Jaroslav"]
[Result "1-0"]
[WhiteElo "1816"]
[BlackElo "1720"]
[PlyCount "83"]
[EventDate "2015.08.15"]
[EventType "swiss"]
[EventRounds "9"]
[EventCountry "CZE"]
[SourceTitle "EXT 2016"]
[Source "ChessBase"]
[SourceDate "2015.10.08"]
[SourceVersion "1"]
[SourceVersionDate "2015.10.08"]
[SourceQuality "1"]

1. c4 Nf6 2. Nc3 c6 3. d4 d5 4. cxd5 cxd5 5. Nf3 Nc6 6. h3 e6 7. Bg5 Be7 8. e3 Bd7 9. Rc1 Rc8 10. Be2 0-0 11. 0-0 h6 12. Bh4 Ne4 13. Bxe7 Nxe7 14. Ne5 Nxc3 15. Rxc3 Be8 16. Qb3 Rxc3 17. Qxc3 Nc6 18. Nd3 Qa5 19. Qb3 b6 20. Rc1 Bd7 21. a3 Rc8 22. Rc3 Ne7 23. Rxc8+ Bxc8 24. Qc2 b5 25. Qc5 Qd8 26. Qxb5 Nf5 27. Nc5 Nd6 28. Qb8 Qb6 29. Qxb6 axb6 30. Na4 b5 31. Nc5 Kf8 32. Kf1 Ke7 33. b3 Kd8 34. Ke1 Kc7 35. Kd2 Kb6 36. f4 Ka5 37. Bd3 f5 38. h4 h5 39. Kc3 g6 40. g3 Kb6 41. Kb4 Kc6 42. Ka5 1-0

[Event "Hradec Kralove op"]
[Site "Hradec Kralove"]
[Date "2014.10.19"]
[Round "2"]
[White "Tsapanidis, Vasilis"]
[Black "Kral, Ladislav"]
[Result "1-0"]
[WhiteElo "1788"]
[BlackElo "1652"]
[PlyCount "73"]
[EventDate "2014.10.18"]
[EventType "swiss"]
[EventRounds "9"]
[EventCountry "CZE"]
[SourceTitle "EXT 2015"]
[Source "ChessBase"]
[SourceDate "2014.11.20"]
[SourceVersion "1"]
[SourceVersionDate "2014.11.20"]
[SourceQuality "1"]

1. c4 e5 2. Nc3 Nf6 3. Nf3 Nc6 4. d4 exd4 5. Nxd4 Bc5 6. Nxc6 bxc6 7. e3 0-0 8. Be2 Rb8 9. a3 a5 10. Na4 Be7 11. Bd2 Ra8 12. Bf3 Bb7 13. Qb3 Qb8 14. Bc3 d5 15. cxd5 cxd5 16. Bxf6 Bxf6 17. Bxd5 Bxd5 18. Qxd5 Rd8 19. Qc4 Be5 20. Ke2 Qb7 21. f3 Qa6 22. Qxa6 Rxa6 23. f4 Bd6 24. Rac1 Re8 25. g3 Raa8 26. Rhd1 Rab8 27. Rc2 Re4 28. Nc3 Ree8 29. Kf3 Rb3 30. Rd5 Ra8 31. Rb5 Rxb5 32. Nxb5 Be7 33. Rxc7 Bf6 34. b3 Kf8 35. a4 Be7 36. Ra7 Re8 37. Rxa5 1-0

[Event "Hradec Kralove op"]
[Site "Hradec Kralove"]
[Date "2013.05.19"]
[Round "6"]
[White "Tsapanidis, Vasilis"]
[Black "Young, Melvyn Jack"]
[Result "0-1"]
[WhiteElo "1770"]
[BlackElo "1899"]
[PlyCount "62"]
[EventDate "2013.05.15"]
[EventType "swiss"]
[EventRounds "9"]
[EventCountry "CZE"]
[SourceTitle "CBM 154 Extra"]
[Source "ChessBase"]
[SourceDate "2013.06.25"]
[SourceVersion "2"]
[SourceVersionDate "2013.06.25"]
[SourceQuality "1"]

1. c4 b6 2. d4 Bb7 3. Nc3 e6 4. a3 f5 5. Bf4 Nf6 6. e3 Be7 7. h3 0-0 8. Nf3 Ne4 9. Rc1 d6 10. Bd3 Nxc3 11. Rxc3 Nd7 12. 0-0 Qe8 13. Bg5 Bxf3 14. Qxf3 Bxg5 15. e4 g6 16. Re1 Bd2 17. Re2 Bxc3 18. bxc3 fxe4 19. Qxe4 Qf7 20. Qc6 Nf6 21. Re3 Qd7 22. Qf3 Nd5 23. Qxf8+ Rxf8 24. cxd5 exd5 25. c4 dxc4 26. Bxc4+ d5 27. Bf1 Qf5 28. f3 Qf4 29. Rd3 Re8 30. Kf2 Qc1 31. Be2 Qc2 0-1

[Event "Hradec Kralove op"]
[Site "Hradec Kralove"]
[Date "2013.05.16"]
[Round "2"]
[White "Tsapanidis, Vasilis"]
[Black "Kvapil, Pavel"]
[Result "1-0"]
[WhiteElo "1770"]
[BlackElo "1663"]
[PlyCount "85"]
[EventDate "2013.05.15"]
[EventType "swiss"]
[EventRounds "9"]
[EventCountry "CZE"]
[SourceTitle "CBM 154 Extra"]
[Source "ChessBase"]
[SourceDate "2013.06.25"]
[SourceVersion "2"]
[SourceVersionDate "2013.06.25"]
[SourceQuality "1"]

1. c4 e5 2. Nc3 Nf6 3. Nf3 d6 4. d4 exd4 5. Nxd4 Be7 6. g3 c6 7. Bg2 0-0 8. 0-0 Nbd7 9. Nf5 Ne5 10. Nxe7+ Qxe7 11. b3 Bg4 12. Ba3 Qd7 13. Qxd6 Rfd8 14. Qxe5 Re8 15. Qd6 Qf5 16. e3 Rad8 17. Qf4 Qa5 18. Bb2 Rd2 19. Na4 b5 20. Bc3 Qd8 21. Bxd2 Qxd2 22. cxb5 cxb5 23. Nc5 Be2 24. Rfe1 h6 25. Ne4 Nxe4 26. Bxe4 g6 27. Bg2 h5 28. Bf1 Bg4 29. Qd4 Qa5 30. b4 Qc7 31. Rac1 Qe7 32. Rc5 Rd8 33. Qc3 Qe6 34. a3 Qa2 35. Ra1 Qe6 36. Rc1 Qa2 37. Qa1 Qe6 38. Qb2 Qe7 39. Qe5 Qd7 40. Bxb5 Qd2 41. R5c2 Qd1+ 42. Rxd1 Rxd1+ 43. Kg2 1-0

[Event "Hradec Kralove op"]
[Site "Hradec Kralove"]
[Date "2013.05.15"]
[Round "1"]
[White "Volodin, Viktor Nikolaevich"]
[Black "Tsapanidis, Vasilis"]
[Result "1-0"]
[WhiteElo "2181"]
[BlackElo "1770"]
[PlyCount "43"]
[EventDate "2013.05.15"]
[EventType "swiss"]
[EventRounds "9"]
[EventCountry "CZE"]
[SourceTitle "CBM 154 Extra"]
[Source "ChessBase"]
[SourceDate "2013.06.25"]
[SourceVersion "2"]
[SourceVersionDate "2013.06.25"]
[SourceQuality "1"]

1. Nf3 g6 2. c4 Bg7 3. d4 d6 4. Nc3 Nc6 5. d5 Ne5 6. Nxe5 Bxe5 7. e4 Bg7 8. Be2 e5 9. 0-0 f5 10. exf5 Bxf5 11. Bd3 Bd7 12. f4 Qe7 13. fxe5 Bxe5 14. Ne4 Nf6 15. Bg5 0-0 16. Qf3 Kg7 17. Rae1 Qd8 18. Qe2 Qe8 19. Bxf6+ Bxf6 20. Nxf6 Qxe2 21. Rxe2 Rxf6 22. Re7+ 1-0

[Event "Rychnov Seniors op"]
[Site "Rychnov nad Kneznou"]
[Date "2012.08.24"]
[Round "5"]
[White "Portes, Pavel"]
[Black "Tsapanidis, Vasilis"]
[Result "0-1"]
[WhiteElo "1700"]
[BlackElo "1755"]
[PlyCount "52"]
[EventDate "2012.08.20"]
[EventType "swiss"]
[EventRounds "9"]
[EventCountry "CZE"]
[SourceTitle "CBM 150 Extra"]
[Source "ChessBase"]
[SourceDate "2012.10.19"]
[SourceVersion "1"]
[SourceVersionDate "2012.10.19"]
[SourceQuality "1"]

1. e4 g6 2. d4 Bg7 3. f4 d6 4. Nf3 Nh6 5. Nc3 a6 6. Be2 0-0 7. 0-0 Bg4 8. h3 Bd7 9. Nh2 f5 10. e5 e6 11. Qe1 c5 12. Be3 cxd4 13. Bxd4 Nc6 14. Nf3 Nxd4 15. Nxd4 dxe5 16. Nb3 exf4 17. Bc4 Re8 18. Rxf4 b5 19. Be2 e5 20. Rf2 Bc6 21. Rd1 Qc7 22. Nd5 Bxd5 23. Rxd5 Rad8 24. Rc5 Qb6 25. Kf1 Bf8 26. Rc3 Bb4 0-1

[Event "Rychnov Seniors op"]
[Site "Rychnov nad Kneznou"]
[Date "2012.08.23"]
[Round "4"]
[White "Tsapanidis, Vasilis"]
[Black "Ptacek, Miloslav"]
[Result "0-1"]
[WhiteElo "1755"]
[BlackElo "1840"]
[PlyCount "74"]
[EventDate "2012.08.20"]
[EventType "swiss"]
[EventRounds "9"]
[EventCountry "CZE"]
[SourceTitle "CBM 150 Extra"]
[Source "ChessBase"]
[SourceDate "2012.10.19"]
[SourceVersion "1"]
[SourceVersionDate "2012.10.19"]
[SourceQuality "1"]

1. c4 Nf6 2. Nc3 d6 3. e4 g6 4. Be2 Bg7 5. d3 0-0 6. h3 e5 7. Bg5 c6 8. Nf3 h6 9. Bh4 Qe8 10. g4 Na6 11. Qd2 Nh7 12. Bg3 Be6 13. Nh4 b5 14. cxb5 cxb5 15. f4 exf4 16. Bxf4 g5 17. Bxd6 gxh4 18. 0-0 Qd7 19. Bxf8 Rxf8 20. Kg2 b4 21. Nd1 Qd6 22. Qe1 Bf6 23. Rxf6 Nxf6 24. Qxh4 Nh7 25. Qxh6 Nc5 26. Ne3 Kh8 27. Nf5 Qe5 28. d4 Qxe4+ 29. Bf3 Qc2+ 30. Kh1 Bxf5 31. gxf5 Qxf5 32. Rf1 Ne4 33. Kh2 Rg8 34. Be2 Qd5 35. Qf4 Qxd4 36. Qxf7 Qxb2 37. Qc4 Qe5+ 0-1

[Event "Rychnov Seniors op"]
[Site "Rychnov nad Kneznou"]
[Date "2012.08.21"]
[Round "2"]
[White "Sobotnik, Petr"]
[Black "Tsapanidis, Vasilis"]
[Result "1-0"]
[WhiteElo "1970"]
[BlackElo "1755"]
[PlyCount "67"]
[EventDate "2012.08.20"]
[EventType "swiss"]
[EventRounds "9"]
[EventCountry "CZE"]
[SourceTitle "CBM 150 Extra"]
[Source "ChessBase"]
[SourceDate "2012.10.19"]
[SourceVersion "1"]
[SourceVersionDate "2012.10.19"]
[SourceQuality "1"]

1. c4 g6 2. Nc3 Bg7 3. d4 d6 4. Nf3 Nc6 5. d5 Ne5 6. Nxe5 Bxe5 7. e4 f5 8. Bd3 fxe4 9. Nxe4 Bg7 10. Qc2 Nf6 11. Nxf6+ exf6 12. Be3 f5 13. 0-0-0 Qf6 14. Rde1 0-0 15. h4 f4 16. Bd2 Bf5 17. Bxf5 Qxf5 18. Qxf5 Rxf5 19. Re7 Rc8 20. Rhe1 Bf6 21. Re8+ Rxe8 22. Rxe8+ Kg7 23. Rc8 Bxh4 24. Rxc7+ Kg8 25. Rxb7 Bxf2 26. Rd7 Be3 27. Rxd6 Rg5 28. Bxe3 fxe3 29. Re6 Rxg2 30. Rxe3 h5 31. d6 Kf7 32. d7 Rg1+ 33. Kc2 Rg2+ 34. Kc3 1-0

[Event "Hradec Kralove Sten op"]
[Site "Hradec Kralove"]
[Date "2011.05.08"]
[Round "1"]
[White "Meszaros, Ludek"]
[Black "Tsapanidis, Vasilis"]
[Result "1-0"]
[WhiteElo "2175"]
[BlackElo "1827"]
[PlyCount "59"]
[EventDate "2011.05.08"]
[EventType "swiss"]
[EventRounds "9"]
[EventCountry "CZE"]
[SourceTitle "CBM 142 Extra"]
[Source "ChessBase"]
[SourceDate "2011.06.27"]
[SourceVersion "1"]
[SourceVersionDate "2011.06.27"]
[SourceQuality "1"]

1. e4 g6 2. d4 Bg7 3. c4 d6 4. Nc3 Nc6 5. Be3 e5 6. d5 Nce7 7. g4 f5 8. gxf5 gxf5 9. f3 Nf6 10. Nh3 fxe4 11. fxe4 Bg4 12. Qa4+ Qd7 13. Qxd7+ Kxd7 14. Rg1 Ng6 15. Nf2 Bh5 16. Bh3+ Ke7 17. Be6 a6 18. c5 Rhf8 19. Rc1 Ne8 20. cxd6+ cxd6 21. Na4 Rf3 22. Bg5+ Bf6 23. Nb6 Rd8 24. Rc8 Bxg5 25. Rxg5 Re3+ 26. Kd2 Re2+ 27. Kc3 Bf3 28. Rf5 Re3+ 29. Kb4 Rxc8 30. Rf7+ 1-0

[Event "Rychnov op"]
[Site "Rychnov nad Kneznou"]
[Date "2010.08.28"]
[Round "6"]
[White "Tsapanidis, Vasilis"]
[Black "Humlicek, Vojtech"]
[Result "0-1"]
[WhiteElo "1796"]
[BlackElo "1885"]
[PlyCount "54"]
[EventDate "2010.08.23"]
[EventType "swiss"]
[EventRounds "7"]
[EventCountry "CZE"]
[SourceTitle "CBM 138 Extra"]
[Source "ChessBase"]
[SourceDate "2010.10.29"]
[SourceVersion "1"]
[SourceVersionDate "2010.10.29"]
[SourceQuality "1"]

1. Nf3 Nf6 2. c4 g6 3. d4 Bg7 4. Nc3 d5 5. cxd5 Nxd5 6. e4 Nxc3 7. bxc3 c5 8. Be3 Qa5 9. Qb3 0-0 10. Bc4 cxd4 11. Bxd4 Bxd4 12. Nxd4 Nd7 13. 0-0 Nb6 14. Bd3 Rd8 15. Rfd1 Bd7 16. Bb5 e5 17. Bxd7 exd4 18. Bb5 dxc3 19. Rac1 Rxd1+ 20. Rxd1 Rc8 21. Rc1 a6 22. Bd3 Rc7 23. f4 Nd7 24. e5 Qb6+ 25. Kf1 Qe3 26. Rxc3 Qxf4+ 27. Kg1 Qd4+ 0-1

[Event "Rychnov op"]
[Site "Rychnov nad Kneznou"]
[Date "2010.08.23"]
[Round "1"]
[White "Masek, Jan"]
[Black "Tsapanidis, Vasilis"]
[Result "0-1"]
[WhiteElo "1996"]
[BlackElo "1796"]
[PlyCount "132"]
[EventDate "2010.08.23"]
[EventType "swiss"]
[EventRounds "7"]
[EventCountry "CZE"]
[SourceTitle "CBM 138 Extra"]
[Source "ChessBase"]
[SourceDate "2010.10.29"]
[SourceVersion "1"]
[SourceVersionDate "2010.10.29"]
[SourceQuality "1"]

1. e4 g6 2. f4 Bg7 3. Nf3 d6 4. Bb5+ c6 5. Bc4 d5 6. exd5 cxd5 7. Bb5+ Bd7 8. Bxd7+ Nxd7 9. 0-0 Ngf6 10. d4 0-0 11. Nc3 Rc8 12. Qe2 e6 13. Nd1 Ne4 14. c3 f5 15. Nf2 Ndf6 16. Ne5 Qc7 17. Be3 Nxf2 18. Rxf2 Ne4 19. Rf3 a6 20. h4 Bxe5 21. fxe5 h5 22. Bg5 Qc4 23. Qe3 Rf7 24. Qe1 Qb5 25. Rb1 Qa4 26. Ra1 Qc2 27. Rb1 Nxg5 28. hxg5 f4 29. Rd1 Qf5 30. Qh4 Qg4 31. Qf2 Qxg5 32. Rf1 Rcf8 33. Qd2 Qh6 34. g3 g5 35. R1f2 fxg3 36. Rxf7 gxf2+ 37. Rxf2 Rxf2 38. Qxf2 Qf8 39. Qe2 g4 40. Qh2 Qf5 41. Qh4 Qb1+ 42. Kf2 Qxb2+ 43. Kf1 Qc1+ 44. Ke2 Qc2+ 45. Kf1 Qd1+ 46. Kg2 Qe2+ 47. Kg1 Qe3+ 48. Kg2 Qh3+ 49. Qxh3 gxh3+ 50. Kxh3 Kg7 51. Kg3 Kh6 52. Kf4 b5 53. a3 a5 54. Kf3 Kg5 55. Kg3 h4+ 56. Kh3 a4 57. Kh2 Kg4 58. Kg2 h3+ 59. Kh2 Kh4 60. Kh1 Kg3 61. Kg1 Kf3 62. Kh2 Ke3 63. Kxh3 Kd3 64. Kg4 Kxc3 65. Kg5 b4 66. axb4 a3 0-1